Las actividades del lenguaje
-д хадгалсан:
| Үндсэн зохиолч: | |
|---|---|
| Формат: | Ном |
| Хэл сонгох: | испани |
| Хэвлэсэн: |
Madrid
Rialp
1971
|
| Хэвлэл: | 1a. ed |
| Нөхцлүүд: | |
| Шошгууд: |
Шошго нэмэх
Шошго байхгүй, Энэхүү баримтыг шошголох эхний хүн болох!
|
MARC
| LEADER | 00000nam a2200000 a 4500 | ||
|---|---|---|---|
| 001 | UCJ2962 | ||
| 003 | CL-VaPUC | ||
| 008 | 070119e19710000SP |||||||||||||||||spa|d | ||
| 082 | 0 | 4 | |a 410 |b VAL |2 21 |
| 100 | 0 | |a Valenzuela Cervera, José A |e author |9 504040 | |
| 245 | 1 | 4 | |a Las actividades del lenguaje |
| 250 | |a 1a. ed | ||
| 300 | |a 195 p | ||
| 942 | |c BK | ||
| 945 | |d 20070119 00:00:00 |a lvergara | ||
| 260 | |a Madrid |b Rialp |c 1971 | ||
| 500 | |a Donación de la Dra. Marianne Peronard Thierry | ||
| 650 | 0 | |a Lingüística |9 265068 | |
| 650 | 0 | |a Lenguaje oral |9 354612 | |
| 650 | 7 | |a LENGUAJE ESCRITO |2 CL-VaPUC |9 454872 | |
| 583 | |a last modification |c 20070119 00:00:00 |k Rodrigo Vera | ||
| 999 | |c 319088 |d 319086 | ||
| 952 | |0 0 |1 0 |4 0 |6 410_000000000000000_VAL_1971 |7 0 |8 A |9 397326 |a FDOPOS |b FDOPOS |d 2019-11-22 |i 431185K |o 410 VAL 1971 |p 431185K |r 2025-01-22 |w 2019-11-22 |y BK |k MLA | ||